000 00896nam a2200277 i 4500
001 bg
100 1 _aYERGIN, Daniel
245 1 0 _aNafta, władza i pieniądze /
_cDaniel Yergin ; [tł. z ang. Stanisław Głąbiński].
246 _iTyt. oryg.:
_aThe prize
260 _aWarszawa :
_bPhilip Wilson,
_ccop. 1996.
300 _a647, [9] s. :
_bfot., mapy, portr. ;
_c24 cm.
500 _aOryg. : "The prize", 1992.
504 _aBibliogr. s. 606-634. - Indeks.
650 9 _aGeologia poszukiwawcza
_xhistoria
650 9 _aNafta
_xgórnictwo
_xhistoria
650 9 _aNafta
_xprzemysł
_xhistoria
650 9 _aPolityka
_xzagadnienia
_y20 w.
700 1 _aGŁĄBIŃSKI, Stanisław.
_eTł.
020 _a8385840745
040 _cBPK
041 1 _apl
_hen
080 _a665.6/.7+622.32+553.98+32]"19"
920 _a83-85840-74-5
942 _cKS
008 s pl f |000 0 pol
999 _c31357
_d31357
856 _uhttp://koha.tu.koszalin.pl/cgi-bin/koha/opac-detail.pl?biblionumber=31357
_yKatalog online BPK